000
00355nam a2200169Ia 4500
100
_a
Vladimirescu/Andrei
650
_a
Spice
942
_c
RB
366
_f
20
654
_a
spice books
245
_a
Spice Book
260
_b
John wiley and sons
_a
New Delhi
_c
1994
082
_a
621.392/VLA
_b
VLA
300
_a
412
546
_a
ENGLISH
999
_c
24409
_d
24409